Welche Länder sind Inselstaaten? Sudden Death - Statistiken

Allgemein
  • Dieses Quiz wurde 116 mal gespielt
  • Das Durchschnittsergebnis liegt bei 16 aus 18
Answers on the Grid
Answers color-coded by a green-red scale on the quiz's grid according to % correct below.
Zypern
Ägypten
Bolivien
Irland
Malta
Bahamas
Italien
Südkorea
Fidschi
Ghana
Nauru
Mauritius
Japan
Lesotho
Guatemala
Kap Verden
Tonga
Barbados
Haiti
Spanien
Laos
Grenada
Sri Lanka
Australien
Vereinigtes Königreich
Belize
San Marino
St. Lucia
Island
Kambodscha
 
Antwortstatistiken
Antwort % Korrekt
Fidschi
100%
Malta
99%
Zypern
96%
Mauritius
95%
Bahamas
93%
Barbados
93%
Island
93%
Vereinigtes Königreich
92%
Japan
91%
Haiti
90%
Irland
90%
Nauru
89%
Sri Lanka
89%
St. Lucia
88%
Kap Verden
87%
Tonga
85%
Grenada
84%
Australien
83%
Keine übereinstimmenden Quizze gefunden
Verteilung der Resultate
Anzahl Personen mit jedem Resultat
Perzentil nach korrekt beantworteten Fragen
Ihre Resultats-Entwicklung
Sie haben dieses Quiz noch nicht gespielt